Environment and services (Record no. 103604)

MARC details
000 -LEADER
fixed length control field 00439cam a2200169 4500
008 - FIXED-LENGTH DATA ELEMENTS--GENERAL INFORMATION
fixed length control field 040601n2007 000 0 eng u
020 ## - INTERNATIONAL STANDARD BOOK NUMBER
International Standard Book Number 0582432324
035 ## - SYSTEM CONTROL NUMBER
System control number (Sirsi) u126324
041 ## - LANGUAGE CODE
Language code of text/sound track or separate title eng
100 ## - MAIN ENTRY--PERSONAL NAME
Personal name Burberry, P.
245 ## - TITLE STATEMENT
Title Environment and services
260 ## - PUBLICATION, DISTRIBUTION, ETC.
Place of publication, distribution, etc. Longman
Date of publication, distribution, etc. 2007
350 ## - PRICE (NR) (BK AM CF MU VM SE) [OBSOLETE]
Price 23.99
490 ## - SERIES STATEMENT
Series statement Mitchell's Building Series
520 ## - SUMMARY, ETC.
Summary, etc. Previous ed. 1997. Due for publication August 2007
942 ## - ADDED ENTRY ELEMENTS (KOHA)
Suppress in OPAC 0

No items available.